Introducing medical anthropology : (Record no. 25471)
[ view plain ]
| 000 -LEADER | |
|---|---|
| fixed length control field | 00802cam a22002655a 4500 |
| 001 - CONTROL NUMBER | |
| control field | 16894291 |
| 005 - DATE AND TIME OF LATEST TRANSACTION | |
| control field | 20171009124410.0 |
| 008 - FIXED-LENGTH DATA ELEMENTS--GENERAL INFORMATION | |
| fixed length control field | 110729t2012 enka frb 001 0 eng d |
| 020 ## - INTERNATIONAL STANDARD BOOK NUMBER | |
| International Standard Book Number | 9780759120891 |
| 040 ## - CATALOGING SOURCE | |
| Original cataloging agency | DLC |
| Transcribing agency | DLC |
| Modifying agency | DLC |
| -- | EG-ScBUE |
| Language of cataloging | eng |
| 082 04 - DEWEY DECIMAL CLASSIFICATION NUMBER | |
| Edition number | 22 |
| Classification number | 306.461 |
| Item number | SIN |
| 100 1# - MAIN ENTRY--PERSONAL NAME | |
| Personal name | Singer, Merrill. |
| 245 10 - TITLE STATEMENT | |
| Title | Introducing medical anthropology : |
| Remainder of title | a discipline in action / |
| Statement of responsibility, etc | Merrill Singer and Hans Baer. |
| 250 ## - EDITION STATEMENT | |
| Edition statement | 2nd ed. |
| 260 ## - PUBLICATION, DISTRIBUTION, ETC. (IMPRINT) | |
| Place of publication, distribution, etc | Plymouth : |
| Name of publisher, distributor, etc | AltaMira Press, |
| Date of publication, distribution, etc | c.2012. |
| 300 ## - PHYSICAL DESCRIPTION | |
| Extent | viii, 293 p. : |
| Other physical details | ill. ; |
| Dimensions | 24 cm. |
| 500 ## - GENERAL NOTE | |
| General note | Index : p. 287-292. |
| 504 ## - BIBLIOGRAPHY, ETC. NOTE | |
| Bibliography, etc | Bibliography : p. 249-281. |
| 650 #7 - SUBJECT ADDED ENTRY--TOPICAL TERM | |
| Topical term or geographic name as entry element | Medical anthropology. |
| Source of heading or term | BUEsh |
| 651 ## - SUBJECT ADDED ENTRY--GEOGRAPHIC NAME | |
| Source of heading or term | BUEsh |
| 653 ## - INDEX TERM--UNCONTROLLED | |
| Resource For college | Nursing |
| Arrived date list | October2017 |
| 655 ## - INDEX TERM--GENRE/FORM | |
| Form subdivision | Text book |
| -- | 33728 |
| 700 1# - ADDED ENTRY--PERSONAL NAME | |
| Personal name | Baer, Hans A., |
| Dates associated with a name | 1944- |
| 942 ## - ADDED ENTRY ELEMENTS (KOHA) | |
| Source of classification or shelving scheme | Dewey Decimal Classification |
| Withdrawn status | Item status | Source of classification or shelving scheme | Damaged status | Not for loan | Vendor | Home library | Current library | Shelving location | Date acquired | Source of acquisition | Cost, normal purchase price | Total Checkouts | Full call number | Barcode | Date last seen | Koha item type | Total Renewals | Date last borrowed |
|---|---|---|---|---|---|---|---|---|---|---|---|---|---|---|---|---|---|---|
| Dewey Decimal Classification | Baccah | Central Library | Central Library | First floor | 09/10/2017 | Purchase | 650.00 | 306.461 SIN | 000042078 | 15/07/2025 | NB - Book (Non borrowing) | |||||||
| Dewey Decimal Classification | Baccah | Central Library | Central Library | First floor | 09/10/2017 | Purchase | 650.00 | 306.461 SIN | 000042079 | 15/07/2025 | NB - Book (Non borrowing) | |||||||
| Dewey Decimal Classification | Baccah | Central Library | Central Library | First floor | 09/10/2017 | Purchase | 650.00 | 1 | 306.461 SIN | 000042080 | 15/07/2025 | Book - Borrowing | 8 | 02/03/2020 | ||||
| Dewey Decimal Classification | Baccah | Central Library | Central Library | First floor | 09/10/2017 | Purchase | 650.00 | 306.461 SIN | 000042081 | 15/07/2025 | Book - Borrowing | |||||||
| Dewey Decimal Classification | Baccah | Central Library | Central Library | First floor | 09/10/2017 | Purchase | 650.00 | 306.461 SIN | 000042082 | 15/07/2025 | Book - Borrowing |